Tesol Quarterly, Volume 18 / Volume 18

Na minha lista:
Detalhes bibliográficos
Autor principal: Alatis, James E.
Formato: Livro
Idioma:English
Publicado em: USA, Georgetown University Washington, DC 1984.
Assuntos:
Tags: Adicionar Tag
Sem tags, seja o primeiro a adicionar uma tag!
Thư viện lưu trữ: Mạng thư viện Đại học Đà Nẵng
LEADER 00916nam a22002771a 4500
001 000034612
003 10817
005 20220118162236.0
008 151027s1984 000 eng
041 |a eng 
082 |a 428  |b AL-J 
100 |a Alatis, James E. 
245 0 |a Tesol Quarterly, Volume 18 /  |c James E.Alatis  |n Volume 18 
260 |b Georgetown University Washington, DC  |a USA,  |c 1984. 
300 |a 566tr. : ;  |c 25cm. 
650 |a Tesol Quarterly 
653 |a Tesol 
OWN |a LNN 
AVA |a UDN50  |b LNN  |c English  |d 428 AL-J  |e available  |t Error 5001 Not defined in file expand_doc_bib_avail.  |f 1  |g 0  |h N  |i 0  |j AN  |k 1 
999 |a From the UDN01 
AVA |a UDN50  |b LNN  |c English  |d 428 AL-J  |e available  |t Error 5001 Not defined in file expand_doc_bib_avail.  |f 1  |g 0  |h N  |i 0  |j AN  |k 1 
TYP |a Monograph 
980 |a Mạng thư viện Đại học Đà Nẵng